000 00957nam a22003017a 4500
001 5437
003 FISKH
005 20250124104108.0
008 241206b cb ||||| |||| 00| 0 eng d
020 _a9780439711210
040 _aFISKH
_beng
_cFISKH
_dFISKH
050 _aQC924.B38
082 _a551.577
100 _aBauer, Dane Marion
_d(1938-)
245 _aRain /
_cwritten by Marion Dane Bauer Illustrated by John Wallace
250 _aFirst printing in 2005
260 _aNew York :
_bScholastic,
_c2005.
300 _a32 pages :
_bcolor illustrations ;
_c23 cm
505 _aJ
520 _aIllustrations and simple text explain what rain is, how it is used by plants, birds, and people, and the importance of clean water.
521 8 _a430
_bLexile
521 8 _aJ
_bRaz-Plus
650 _2Non-fiction
_aWater cycle
650 _2Weather
_aSpring
700 _aWallac, John
_dillustrator
942 _2ddc
_cBK
_n0
999 _c5437
_d5437